Real or fake Places - Sudden death - Statistics

General Stats
  • This quiz has been taken 52 times
  • The average score is 7 of 11
Answers on the Grid
Answers color-coded by a green-red scale on the quiz's grid according to % correct below.
Hogwarts
Australia
Rajasthan
Atlantis
Wadiya
Djibouti
Transylvania
Wakanada
Dagestan
Transnistria
Burgistan
East Timor
Latveria
Gondor
North west territories
Pusaan
Dildo
San Birano
Lichtenstein
Caracas
Ruritania
San Escobar
Tyrania
Madripoor
 
Answer Stats
Answer % Correct
Australia
100%
East Timor
86%
Djibouti
81%
Transylvania
81%
Lichtenstein
68%
Caracas
62%
Dagestan
46%
Rajasthan
43%
North west territories
41%
Transnistria
41%
Dildo
11%
No matching quizzes found
Score Distribution
Percent of People with Each Score
Percentile by Number Answered
Your Score History
You have not taken this quiz